Histoire des empereurs, et des autres princes qui ont regné durant le six premiers siecles de l'Eglise, de leurs guerres contre les juifs, des ecrivains profanes, & des personnes le plus illustres de leur temps / par M. Lenain de Tillemont

Detalles Bibliográficos
Autor principal: Le Nain de Tillemont, Luis Sebastián (1637-1698)
Formato: Libro
Lenguaje:Undetermined
French
Publicado: Venise : chez François Pitteri, 1732.
Edición:Premiere edition de Venise revuë, & corrigée
Materias:
Colección:Banco de datos
Acervo:Biblioteca Palafoxiana. Colección bibliográfica
Descripción Física:t. ; f°
Tema general:Historia civil
Notas:Ex libris en estampa: Manuel Pérez y Suárez. Número de localización: t.1 (21270) ; t.2 (21271) ; t.3 (21272) ; t.4 (21273) ; t.5 (21274) ; t.6 (21275)
LEADER 00918nam a2200181Ia 4500
008 150723s9999 xx 000 0 und d
041 0 |a fre 
050 0 |a PAFX D20 L4 
100 1 |a Le Nain de Tillemont, Luis Sebastián (1637-1698) 
245 1 0 |a Histoire des empereurs, et des autres princes qui ont regné durant le six premiers siecles de l'Eglise, de leurs guerres contre les juifs, des ecrivains profanes, & des personnes le plus illustres de leur temps / par M. Lenain de Tillemont 
250 |a Premiere edition de Venise revuë, & corrigée 
260 |a Venise : chez François Pitteri, 1732. 
300 |a t. ; f° 
500 |a Ex libris en estampa: Manuel Pérez y Suárez. Número de localización: t.1 (21270) ; t.2 (21271) ; t.3 (21272) ; t.4 (21273) ; t.5 (21274) ; t.6 (21275) 
650 1 0 |a Historia civil 
942 |c PALALIB 
943 |g Biblioteca Palafoxiana. Colección bibliográfica 
999 |c 1051672  |d 1051672